[Event "Mondiale Lampo FIDE 2019"]
[Site "Mosca"]
[Date "30.12.2019"]
[Round "17.33"]
[White "Salem, A.R. Saleh"]
[Black "Sethuraman, S.P."]
[Result "1-0"]
[WhiteTitle "GM"]
[BlackTitle "GM"]
[WhiteElo "2675"]
[BlackElo "2638"]
[WhiteFideId "9301348"]
[BlackFideId "5021596"]
[EventDate "2019.12.29"]

1. d4 f5 2. c4 Nf6 3. Nc3 d6 4. Bg5 Nbd7 5. Qc2 g6 6. O-O-O Bg7 7. h4 c6 8. Nh3
h6 9. Bxf6 Nxf6 10. Nf4 Kf7 11. e3 g5 12. Nh3 g4 13. Nf4 Qa5 14. h5 e5 15. Ng6
Re8 16. c5 exd4 17. exd4 dxc5 18. Bc4+ Be6 19. d5 cxd5 20. Nxd5 b5 21. Nxf6 bxc4
22. Nxe8 Rxe8 23. Rhe1 Qxa2 24. Rxe6 Qa1+ 25. Kd2 Qa5+ 26. Kc1 Qa1+ 27. Kd2 Qa5+
28. Ke2 Rxe6+ 29. Kf1 Kf6 30. Nh4 Re5 31. Qxc4 Qc7 32. Ng6 Re6 33. Nf4 Rd6 34.
Nd5+ Rxd5 35. Qxd5 Qe7 36. b3 Kg5 37. Re1 Qf6 38. Qxc5 Kxh5 39. Qxa7 Kg6 40. Qd7
Qa6+ 41. Kg1 Bf6 42. Qe6 Qa5 43. Qg8+ Kh5 44. Qf7+ Kg5 45. Qg8+ Kh5 46. Qe8+ Kg5
47. g3 Qd5 48. b4 Qf3 49. Qg8+ Kh5 50. Qf7+ Kg5 51. Re8 Qd1+ 52. Kg2 Qf3+ 53.
Kg1 Qd1+ 54. Kh2 Qd4 55. Rg8+ 1-0

[Event "Mondiale Lampo FIDE 2019"]
[Site "Mosca"]
[Date "30.12.2019"]
[Round "17.34"]
[White "Motylev, Alexander"]
[Black "Vavulin, Maxim"]
[Result "1-0"]
[WhiteTitle "GM"]
[BlackTitle "GM"]
[WhiteElo "2640"]
[BlackElo "2556"]
[WhiteFideId "4121830"]
[BlackFideId "4169530"]
[EventDate "2019.12.29"]

1. e4 g6 2. d4 Bg7 3. Nc3 a6 4. Be3 b5 5. a4 b4 6. Na2 Bb7 7. f3 a5 8. c3 bxc3
9. bxc3 Nf6 10. Rb1 Ba6 11. Bxa6 Nxa6 12. Ne2 O-O 13. O-O d6 14. Nac1 Nd7 15.
Nb3 c5 16. Nd2 Qc7 17. Qb3 Rfb8 18. Qc4 Nb6 19. Qa2 cxd4 20. cxd4 Nb4 21. Qb3
Qc6 22. Ra1 Qc2 23. Rfc1 Qxb3 24. Nxb3 e5 25. d5 N6xd5 26. exd5 Nxd5 27. Nxa5
Nxe3 28. Nc6 Rb2 29. Kf2 Nc2 30. Rab1 Rxb1 31. Rxb1 Rxa4 32. Ne7+ Kf8 33. Nd5
Bh6 34. g4 Nd4 35. Nec3 Ra5 36. h4 Bd2 37. g5 Ra8 38. Ne4 Bf4 39. Nxd6 Rd8 40.
Rb6 Bh2 41. Nf6 Kg7 42. Rb7 Rf8 43. Nfe8+ Kg8 44. Nf6+ Kg7 45. Nd7 Ra8 46. Nf6
Rf8 47. Ng4 Bf4 48. Nh6 Nf5 49. Ndxf5+ gxf5 50. Rb6 Ra8 51. Nxf5+ Kf8 52. Kg2
Rc8 53. Kh3 Rd8 54. Kg4 Kg8 55. Rb7 Kf8 56. Nh6 Rd1 57. Rxf7+ Ke8 58. Rxh7 Rg1+
59. Kf5 Rg3 60. Ng4 Rxf3 61. Ke6 Kd8 62. g6 Rg3 63. Rh8+ Kc7 64. Kf5 1-0

[Event "Mondiale Lampo FIDE 2019"]
[Site "Mosca"]
[Date "30.12.2019"]
[Round "17.35"]
[White "Sanal, Vahap"]
[Black "Savchenko, Boris"]
[Result "0-1"]
[WhiteTitle "GM"]
[BlackTitle "GM"]
[WhiteElo "2549"]
[BlackElo "2577"]
[WhiteFideId "6300545"]
[BlackFideId "4147332"]
[EventDate "2019.12.29"]

1. e4 c5 2. Nc3 Nc6 3. Bb5 g6 4. Bxc6 dxc6 5. f4 Bg7 6. Nf3 Bg4 7. d3 c4 8. O-O
cxd3 9. cxd3 Qb6+ 10. Kh1 O-O-O 11. Qe2 Nf6 12. Be3 Qa6 13. Rfd1 Bxf3 14. gxf3
Nh5 15. Rac1 Kb8 16. b4 Bd4 17. a4 Qb6 18. a5 Qxb4 19. a6 Bxe3 20. Qxe3 Qd4 21.
Qd2 b6 22. Ne2 Qd6 23. Qe3 Rc8 24. d4 Rhd8 25. Rb1 c5 26. d5 e5 27. dxe6 Qxe6
28. Nc3 Rd4 29. Nd5 Rxd1+ 30. Rxd1 Rd8 31. Qe2 Qc6 32. Rd2 Qa4 33. Ra2 Qd4 34.
Qb5 Rxd5 35. exd5 Qd1+ 36. Kg2 Nxf4+ 37. Kg3 Nh5+ 38. Kf2 Qxd5 39. Qe8+ Kc7 40.
Re2 Nf6 41. Re7+ Nd7 42. Rxf7 c4 43. Rxh7 c3 44. Rh8 Qd4+ 45. Kg2 c2 46. Qc8+
Kd6 47. Rd8 Qd2+ 48. Kh3 Qh6+ 49. Kg2 Qg5+ 50. Kf2 Qxd8 0-1

[Event "Mondiale Lampo FIDE 2019"]
[Site "Mosca"]
[Date "30.12.2019"]
[Round "17.36"]
[White "Fridman, Daniel"]
[Black "Frolyanov, Dmitry"]
[Result "1-0"]
[WhiteTitle "GM"]
[BlackTitle "GM"]
[WhiteElo "2616"]
[BlackElo "2556"]
[WhiteFideId "11600454"]
[BlackFideId "4151976"]
[EventDate "2019.12.29"]

1. d4 d5 2. Nf3 Nf6 3. c4 e6 4. g3 dxc4 5. Bg2 Nc6 6. Qa4 Bb4+ 7. Bd2 Nd5 8.
Bxb4 Nxb4 9. Nc3 Bd7 10. O-O a5 11. Qd1 a4 12. a3 Nd5 13. e4 Nxc3 14. bxc3 O-O
15. Qe2 Na5 16. Ne5 c5 17. Rfd1 Nb3 18. dxc5 Nxa1 19. Nxd7 Nb3 20. Nb6 Qc7 21.
Nxa8 Rxa8 22. Qxc4 Qxc5 23. Qb4 Qc7 24. e5 Nc5 25. Rd6 h6 26. h4 Rb8 27. f4 Na6
28. Qd4 Qc5 29. Qxc5 Nxc5 30. Kf2 Kf8 31. Ke3 Ke7 32. Kd4 Nd7 33. Bf1 Rd8 34.
Bb5 Nb6 35. Rxd8 Kxd8 36. c4 Ke7 37. Kc5 Nd7+ 38. Bxd7 Kxd7 39. Kb6 Kc8 40. c5 1-0

[Event "Mondiale Lampo FIDE 2019"]
[Site "Mosca"]
[Date "30.12.2019"]
[Round "17.37"]
[White "Rakhmanov, Aleksandr"]
[Black "Adhiban, Baskaran"]
[Result "0-1"]
[WhiteTitle "GM"]
[BlackTitle "GM"]
[WhiteElo "2645"]
[BlackElo "2654"]
[WhiteFideId "4173708"]
[BlackFideId "5018471"]
[EventDate "2019.12.29"]

1. c4 e5 2. Nf3 Nc6 3. d4 exd4 4. Nxd4 Nf6 5. Nxc6 dxc6 6. Qxd8+ Kxd8 7. Nc3 Be6
8. e3 a5 9. Bd2 g6 10. O-O-O Kc8 11. h3 Bg7 12. b3 Rd8 13. Be2 Bf8 14. g4 Bb4
15. Kc2 h5 16. f3 b6 17. Bc1 Kb7 18. Bb2 Nd7 19. Ne4 a4 20. Ng5 axb3+ 21. axb3
Nc5 22. Nxe6 Nxe6 23. Rxd8 Rxd8 24. Rd1 Re8 25. Bc1 hxg4 26. hxg4 Rh8 27. Bd2
Rh2 28. Re1 Bd6 29. f4 g5 30. f5 Nc5 31. Bd3 Nxb3 32. Kxb3 Rxd2 33. Be4 Be5 34.
Rh1 Re2 35. Rh3 f6 36. Bd3 Rb2+ 37. Ka3 b5 38. Rh1 Kb6 39. Rb1 Rd2 40. Bf1 Ka5
41. cxb5 Bd6+ 42. Kb3 cxb5 43. Bxb5 Rg2 44. Bc4 Rxg4 45. Bd5 Rg3 46. Re1 Bc5 47.
Kc4 Rxe3 48. Ra1+ Ra3 49. Rb1 Bb6 50. Bb7 Ra4+ 51. Kd5 g4 52. Bc8 g3 53. Rb2 Rg4
54. Rg2 Kb4 55. Bb7 Bd4 56. Kc6 Be5 57. Kd7 c5 0-1

[Event "Mondiale Lampo FIDE 2019"]
[Site "Mosca"]
[Date "30.12.2019"]
[Round "17.38"]
[White "Castellanos Rodriguez, Renier"]
[Black "Meier, Georg"]
[Result "1-0"]
[WhiteTitle "IM"]
[BlackTitle "GM"]
[WhiteElo "2474"]
[BlackElo "2626"]
[WhiteFideId "3404650"]
[BlackFideId "4675789"]
[EventDate "2019.12.29"]

1. c4 b6 2. b3 Bb7 3. Bb2 Nf6 4. Nf3 e6 5. e3 c5 6. Nc3 Be7 7. g4 h6 8. Rg1 g5
9. Be2 d6 10. h4 Rg8 11. hxg5 hxg5 12. d4 cxd4 13. Nxd4 a6 14. Bf3 Qc8 15. Qe2
Nbd7 16. O-O-O Ne5 17. Bxb7 Qxb7 18. f4 gxf4 19. exf4 Nexg4 20. Kb1 O-O-O 21.
Rge1 Rh8 22. Nxe6 fxe6 23. Qxe6+ Rd7 24. Nd5 Nxd5 25. cxd5 Rf8 26. Qxg4 Kd8 27.
Qe6 Rxf4 28. Rg1 Rf8 29. Rg7 Bh4 30. Rg8 Rf7 31. Qxd6+ Ke8 32. Qe6+ Qe7 33.
Rxf8+ Rxf8 34. Qc6+ Kf7 35. Rf1+ Kg8 36. Qg6+ 1-0

[Event "Mondiale Lampo FIDE 2019"]
[Site "Mosca"]
[Date "30.12.2019"]
[Round "17.39"]
[White "Kobalia, Mikhail"]
[Black "Postny, Evgeny"]
[Result "1-0"]
[WhiteTitle "GM"]
[BlackTitle "GM"]
[WhiteElo "2609"]
[BlackElo "2605"]
[WhiteFideId "4119150"]
[BlackFideId "2804344"]
[EventDate "2019.12.29"]

1. e4 e5 2. Nf3 Nc6 3. Bc4 Nf6 4. d3 Be7 5. O-O d6 6. a4 O-O 7. Re1 Be6 8. Bxe6
fxe6 9. Nc3 Qe8 10. Ne2 Nh5 11. Ng3 Nf4 12. c3 Qf7 13. d4 exd4 14. cxd4 d5 15.
Bxf4 Qxf4 16. exd5 exd5 17. Qb3 Bf6 18. Qxd5+ Kh8 19. Nh5 Qg4 20. h3 Qg6 21.
Nxf6 Qxf6 22. Re6 Qf4 23. Re4 Qf6 24. Qb5 Rad8 25. d5 Ne7 26. Qxb7 Nxd5 27. Rd1
Nf4 28. Rxd8 Qxd8 29. Qb3 Ng6 30. Qe3 h6 31. Qxa7 Qd1+ 32. Re1 Qb3 33. Qc5 Qxb2
34. Nh4 Rf6 35. Nxg6+ Rxg6 36. Re8+ Kh7 37. Qc4 Rf6 38. Qe4+ Rg6 39. Re6 1-0

[Event "Mondiale Lampo FIDE 2019"]
[Site "Mosca"]
[Date "30.12.2019"]
[Round "17.40"]
[White "Cheparinov, Ivan"]
[Black "Bologan, Victor"]
[Result "1-0"]
[WhiteTitle "GM"]
[BlackTitle "GM"]
[WhiteElo "2687"]
[BlackElo "2574"]
[WhiteFideId "2905540"]
[BlackFideId "13900048"]
[EventDate "2019.12.29"]

1. d4 d6 2. Nf3 Nf6 3. c4 g6 4. g3 Bg7 5. Bg2 O-O 6. Nc3 Nc6 7. O-O Bd7 8. b3 a6
9. d5 Na5 10. Bd2 c5 11. e4 Bg4 12. Qe1 Bxf3 13. Bxf3 Nd7 14. Rb1 b6 15. Bg2 Nb7
16. a4 Nf6 17. Qe2 Ne8 18. f4 Nc7 19. e5 Rb8 20. Kh1 e6 21. Rbd1 Re8 22. Qf3 Qe7
23. dxe6 Nxe6 24. Nd5 Qd8 25. Bc3 Nd4 26. Bxd4 cxd4 27. Rxd4 Nc5 28. Nf6+ Bxf6
29. Rxd6 Qe7 30. Rxf6 Red8 31. f5 Qxe5 32. fxg6 fxg6 33. Qg4 Rf8 34. Bd5+ Kg7
35. Rf7+ Rxf7 36. Rxf7+ Kh8 37. Qf3 Qa1+ 38. Kg2 Qb2+ 39. Kh3 1-0

[Event "Mondiale Lampo FIDE 2019"]
[Site "Mosca"]
[Date "30.12.2019"]
[Round "17.41"]
[White "Alekseev, Evgeny"]
[Black "Aravindh, Chithambaram VR."]
[Result "0-1"]
[WhiteTitle "GM"]
[BlackTitle "GM"]
[WhiteElo "2620"]
[BlackElo "2605"]
[WhiteFideId "4138147"]
[BlackFideId "5072786"]
[EventDate "2019.12.29"]

1. e4 c5 2. Nf3 Nc6 3. d4 cxd4 4. Nxd4 Nf6 5. Nc3 h5 6. f3 e5 7. Ndb5 d6 8. Nd5
Nxd5 9. exd5 Ne7 10. Be3 Nf5 11. Bf2 g6 12. Bd3 a6 13. Nc3 Bh6 14. Qe2 O-O 15.
O-O Nd4 16. Qd1 Bd7 17. Ne4 Qe7 18. c3 Nf5 19. Re1 Ng7 20. a4 f5 21. Nd2 Rf7 22.
Nc4 Raf8 23. Qb3 Bc8 24. Qb4 Ne8 25. Nb6 Nf6 26. c4 e4 27. Bd4 Bf4 28. c5 Ng4
29. g3 Nxh2 30. gxf4 Nxf3+ 31. Kf2 Qh4+ 32. Ke3 Nxe1 33. Qxe1 Qh3+ 34. Kf2 Qxd3
35. Qe3 Qc2+ 36. Kg1 g5 37. Rc1 Qd3 38. Qxd3 exd3 39. cxd6 Bd7 40. Kf2 g4 41.
Rc7 d2 42. Ke2 Rd8 43. Kxd2 h4 44. Bf2 g3 45. Be1 Rg7 46. Ke3 h3 47. Nxd7 Rdxd7
48. Rxd7 Rxd7 49. Bxg3 Rxd6 50. Kd4 Kf7 51. Ke5 Rg6 52. Bh2 Rg2 0-1

[Event "Mondiale Lampo FIDE 2019"]
[Site "Mosca"]
[Date "30.12.2019"]
[Round "17.42"]
[White "Predke, Alexandr"]
[Black "Ivanisevic, Ivan"]
[Result "1-0"]
[WhiteTitle "GM"]
[BlackTitle "GM"]
[WhiteElo "2676"]
[BlackElo "2593"]
[WhiteFideId "24107581"]
[BlackFideId "912417"]
[EventDate "2019.12.29"]

1. e4 c6 2. Nf3 d5 3. d3 dxe4 4. dxe4 Qxd1+ 5. Kxd1 Nd7 6. Nbd2 Ngf6 7. Ne1 Nc5
8. f3 e5 9. a4 a5 10. Nc4 Nfd7 11. Be3 f6 12. h4 Kd8 13. h5 Kc7 14. g3 Be7 15.
h6 g6 16. Nd3 Rd8 17. Kc1 Nxd3+ 18. Bxd3 Nc5 19. Be2 Be6 20. b3 b6 21. Kb2 Nd7
22. f4 Bc5 23. Bxc5 Nxc5 24. fxe5 fxe5 25. Nxe5 Rd2 26. Bc4 Re8 27. Rhf1 Bxc4
28. Nxc4 Rd7 29. e5 Rde7 30. Rae1 Re6 31. Rf7+ R8e7 32. Rg7 Nd7 33. g4 b5 34.
axb5 cxb5 35. Nxa5 Nxe5 36. Rf1 Kd7 37. Nb7 Rc6 38. b4 1-0

[Event "Mondiale Lampo FIDE 2019"]
[Site "Mosca"]
[Date "30.12.2019"]
[Round "17.43"]
[White "Zvjaginsev, Vadim"]
[Black "Can, Emre"]
[Result "1-0"]
[WhiteTitle "GM"]
[BlackTitle "GM"]
[WhiteElo "2627"]
[BlackElo "2600"]
[WhiteFideId "4113403"]
[BlackFideId "6302181"]
[EventDate "2019.12.29"]

1. Nf3 g6 2. e4 Bg7 3. d4 d6 4. Be2 Nf6 5. Nc3 O-O 6. O-O Nc6 7. d5 Nb8 8. a4 e5
9. dxe6 Bxe6 10. Bg5 h6 11. Be3 Nc6 12. Nd4 Nxd4 13. Bxd4 Re8 14. a5 a6 15. Qd2
Bd7 16. f3 Bc6 17. Rad1 Nd7 18. Bxg7 Kxg7 19. Qd4+ Qf6 20. b4 Qxd4+ 21. Rxd4 f5
22. exf5 gxf5 23. Bd3 Kf6 24. f4 Nf8 25. Nd5+ Bxd5 26. Rxd5 Ne6 27. Rxf5+ Kg7
28. c3 c6 29. Rf3 Rf8 30. Rg3+ Kh8 31. Rxf8+ Rxf8 32. Rg6 Nxf4 33. Rxh6+ Kg7 34.
Rxd6 Re8 35. Kf2 Re7 36. g3 Nd5 37. h4 Nxc3 38. h5 Nd5 39. h6+ Kf7 40. Bg6+ 1-0

[Event "Mondiale Lampo FIDE 2019"]
[Site "Mosca"]
[Date "30.12.2019"]
[Round "17.44"]
[White "Petrov, Nikita"]
[Black "Gajewski, Grzegorz"]
[Result "1/2-1/2"]
[WhiteTitle "GM"]
[BlackTitle "GM"]
[WhiteElo "2585"]
[BlackElo "2626"]
[WhiteFideId "4101286"]
[BlackFideId "1116207"]
[EventDate "2019.12.29"]

1. c4 e5 2. g3 Nf6 3. Bg2 Bc5 4. Nc3 c6 5. Nf3 e4 6. Nh4 d5 7. d3 exd3 8. cxd5
cxd5 9. Qxd3 d4 10. Ne4 Bb4+ 11. Bd2 Bxd2+ 12. Qxd2 O-O 13. O-O Re8 14. Nxf6+
Qxf6 15. Rad1 Nc6 16. b4 Bg4 17. Rfe1 d3 18. Qxd3 Rad8 19. Qc4 Rxd1 20. Rxd1
Bxe2 21. Re1 Qe6 22. Qc5 Qxa2 23. Bxc6 bxc6 24. Qxc6 Rd8 25. Qc7 Re8 26. Qc6 Kf8
27. Qc5+ Kg8 28. Qc6 Qe6 29. Qxe6 Rxe6 30. f4 Kf8 31. Kf2 Bb5 32. Rxe6 fxe6 33.
Ke3 Ke7 34. Kd4 Bc6 35. Ke5 Bb7 36. f5 Bc8 37. g4 exf5 38. gxf5 Kf7 39. Nf3 h6
40. Nd4 g6 41. Nb5 Bd7 42. fxg6+ Kxg6 43. Nxa7 Kg5 44. Kd6 Ba4 45. Kc5 Kg4 46.
b5 Bxb5 47. Nxb5 Kh3 48. Nd4 Kxh2 1/2-1/2

[Event "Mondiale Lampo FIDE 2019"]
[Site "Mosca"]
[Date "30.12.2019"]
[Round "17.45"]
[White "Sadhwani, Raunak"]
[Black "Sasikiran, Krishnan"]
[Result "1/2-1/2"]
[WhiteTitle "IM"]
[BlackTitle "GM"]
[WhiteElo "2507"]
[BlackElo "2656"]
[WhiteFideId "35093487"]
[BlackFideId "5004985"]
[EventDate "2019.12.29"]

1. d4 Nf6 2. Nc3 d5 3. Bf4 a6 4. e3 Bf5 5. f3 e6 6. g4 Bg6 7. h4 h5 8. g5 Ng8 9.
Bd3 Bd6 10. Bxg6 fxg6 11. Nge2 Ne7 12. Qd3 Nbc6 13. O-O-O O-O 14. Bxd6 Qxd6 15.
Nf4 Rxf4 16. exf4 Qxf4+ 17. Kb1 Nf5 18. Ne2 Qe3 19. Qxe3 Nxe3 20. Rd3 Nf5 21.
Kc1 Rd8 22. f4 Kf7 23. c3 Nce7 24. Ng3 Nxg3 25. Rxg3 Nf5 26. Rgh3 Ke7 27. Re1
Kd6 28. Kd2 b6 29. b4 Kd7 30. a4 Rf8 31. Kd3 Nd6 32. Rhe3 Re8 33. Ke2 Nf5 34.
Rh3 Ra8 35. Kd3 a5 36. b5 Nd6 37. Rhe3 Re8 38. R3e2 Nf5 39. c4 dxc4+ 40. Kc3 Ne7
41. Kxc4 Nd5 42. Re4 Re7 43. Kd3 Rf7 44. Kc4 Re7 45. Rf1 Kd6 46. Re5 Rf7 47.
Rfe1 Re7 48. R5e4 Kd7 49. Kb3 Kd6 50. Rc1 Kd7 51. Rc6 Re8 52. Kc4 Re7 53. Rexe6
Rxe6 54. Kxd5 Rd6+ 55. Rxd6+ cxd6 56. Ke4 Ke6 57. d5+ Ke7 58. f5 Kf7 59. fxg6+
Kxg6 60. Kf4 Kf7 1/2-1/2

[Event "Mondiale Lampo FIDE 2019"]
[Site "Mosca"]
[Date "30.12.2019"]
[Round "17.46"]
[White "Drygalov, Sergey"]
[Black "Yuffa, Daniil"]
[Result "1/2-1/2"]
[WhiteTitle "IM"]
[BlackTitle "GM"]
[WhiteElo "2473"]
[BlackElo "2566"]
[WhiteFideId "24171743"]
[BlackFideId "24131423"]
[EventDate "2019.12.29"]

1. d4 Nf6 2. Nf3 g6 3. c4 d6 4. g3 Bg7 5. Bg2 O-O 6. Nc3 Nbd7 7. O-O e5 8. e4
Re8 9. h3 exd4 10. Nxd4 Nc5 11. Re1 Bd7 12. f3 Nh5 13. g4 Nf6 14. Be3 h5 15. Qd2
hxg4 16. hxg4 c6 17. Rad1 Nh7 18. Nde2 Be6 19. Qxd6 Qxd6 20. Rxd6 Nd7 21. b3 Ne5
22. Red1 Bxc4 23. bxc4 Nxc4 24. Kf2 Nxd6 25. Rxd6 Nf8 26. f4 Red8 27. Rxd8 Rxd8
28. e5 a5 29. Bb6 Ra8 30. Ke3 Ra6 31. Bc7 Ne6 32. Bd6 Bf8 33. Ne4 Bxd6 34. exd6
Ra8 35. f5 gxf5 36. gxf5 Nf8 37. Nf4 Nd7 38. Nh5 Rd8 39. Kd4 Kf8 40. a4 b5 41.
Nf4 bxa4 42. Kc4 Nb6+ 43. Kc3 Nd5+ 44. Nxd5 cxd5 45. Nc5 Rxd6 46. Nxa4 Ke7 47.
Kd4 Kf6 48. Bh3 Kg5 49. Nc3 Rh6 50. Bg2 Kxf5 51. Bxd5 Rh4+ 52. Kc5 f6 53. Kb5
Ke5 54. Bc6 Rb4+ 55. Kc5 f5 56. Nd5 Rb1 57. Ne3 Rc1+ 58. Nc4+ Kf6 59. Kd4 f4 60.
Nxa5 Kg5 61. Nc4 Kg4 62. Bd5 Rd1+ 63. Ke5 Re1+ 64. Kd4 f3 65. Ne5+ Kg3 66. Nxf3
Rd1+ 67. Ke4 Rxd5 68. Kxd5 1/2-1/2

[Event "Mondiale Lampo FIDE 2019"]
[Site "Mosca"]
[Date "30.12.2019"]
[Round "17.47"]
[White "Anton Guijarro, David"]
[Black "Harsha, Bharathakoti"]
[Result "1/2-1/2"]
[WhiteTitle "GM"]
[BlackTitle "GM"]
[WhiteElo "2685"]
[BlackElo "2523"]
[WhiteFideId "2285525"]
[BlackFideId "5078776"]
[EventDate "2019.12.29"]

1. Nf3 d5 2. b3 Nf6 3. Bb2 c5 4. e3 Nc6 5. Bb5 Bg4 6. h3 Bh5 7. g4 Bg6 8. Ne5
Qb6 9. Bxc6+ bxc6 10. d3 e6 11. h4 h5 12. g5 Nd7 13. Nxg6 fxg6 14. Nd2 e5 15.
Qf3 Bd6 16. Qh3 Ke7 17. f4 Rhf8 18. O-O-O Rae8 19. Rhf1 exf4 20. exf4 Kd8 21. f5
Be5 22. fxg6 Bxb2+ 23. Kxb2 Qb4 24. Rf7 Ne5 25. Rxa7 Qd4+ 26. Kb1 Ng4 27. Qg3
Rf4 28. Rxg7 Re3 29. Qxf4 Qxf4 30. Ra7 Re7 31. Ra8+ Kd7 32. g7 Rxg7 33. Ra7+ Kd6
34. Rxg7 Nf2 35. Rf1 Qxd2 36. Rf7 Nxd3 37. cxd3 Qxd3+ 38. Kb2 Qd2+ 39. Kb1 Qd3+
40. Kb2 Qd2+ 41. Kb1 Qd3+ 1/2-1/2

[Event "Mondiale Lampo FIDE 2019"]
[Site "Mosca"]
[Date "30.12.2019"]
[Round "17.48"]
[White "Pigusov, Evgeny"]
[Black "Dominguez Perez, Leinier"]
[Result "0-1"]
[WhiteTitle "GM"]
[BlackTitle "GM"]
[WhiteElo "2555"]
[BlackElo "2758"]
[WhiteFideId "4100514"]
[BlackFideId "3503240"]
[EventDate "2019.12.29"]

1. Nf3 d5 2. g3 Nf6 3. Bg2 e6 4. O-O Be7 5. c4 O-O 6. b3 c5 7. e3 Nc6 8. Bb2 b6
9. Nc3 Bb7 10. cxd5 Nxd5 11. Nxd5 Qxd5 12. d4 Qf5 13. Ne5 Nxe5 14. Bxb7 Rab8 15.
Bg2 cxd4 16. Qxd4 Bf6 17. Qe4 Qxe4 18. Bxe4 Nf3+ 19. Bxf3 Bxb2 20. Rad1 Rbc8 21.
Be2 Rc2 22. Bd3 Rc7 23. Bc4 g6 24. a4 Kg7 25. Rd2 Bc3 26. Rd3 Bb4 27. Rfd1 Kf6
28. Rd7 Rfc8 29. Rxc7 Rxc7 30. f4 h5 31. Kg2 a6 32. Kf3 a5 33. h3 Bc5 34. g4
hxg4+ 35. hxg4 Ke7 36. g5 Rc8 37. Bb5 Bd6 38. Bc4 Rh8 39. Kg2 Bc5 40. Rd3 Rh4
41. Bb5 Bd6 42. Rc3 e5 43. fxe5 Bxe5 44. Rc6 Rg4+ 45. Kf3 Rxg5 46. Rxb6 Bc3 47.
Bc4 Rf5+ 48. Ke4 Bb4 49. Rb7+ Kf8 50. Rd7 Rf2 51. Rd1 Ke7 52. Rf1 f5+ 53. Kd5
Rd2+ 54. Kc6 Kf6 55. e4 Rd6+ 56. Kb5 Ke5 57. exf5 gxf5 58. Re1+ Bxe1 0-1

[Event "Mondiale Lampo FIDE 2019"]
[Site "Mosca"]
[Date "30.12.2019"]
[Round "17.49"]
[White "Iturrizaga Bonelli, Eduardo"]
[Black "Bosiocic, Marin"]
[Result "1-0"]
[WhiteTitle "GM"]
[BlackTitle "GM"]
[WhiteElo "2597"]
[BlackElo "2623"]
[WhiteFideId "3901211"]
[BlackFideId "14507927"]
[EventDate "2019.12.29"]

1. c4 Nf6 2. g3 g6 3. Bg2 Bg7 4. Nc3 O-O 5. d4 d6 6. e4 e5 7. Nge2 Nbd7 8. O-O
c6 9. b3 a6 10. Ba3 exd4 11. Qxd4 Nc5 12. Bxc5 dxc5 13. Qxc5 Nd7 14. Qe3 Re8 15.
Rad1 Qa5 16. f4 Qc5 17. Qxc5 Nxc5 18. e5 a5 19. Ne4 Nxe4 20. Bxe4 f6 21. Kg2 Bg4
22. Bf3 Bxf3+ 23. Rxf3 fxe5 24. Rd7 a4 25. b4 e4 26. Re3 Rad8 27. Rxe4 Rxd7 28.
Rxe8+ Kf7 29. Ra8 Rd2 30. Kf3 Rxa2 31. Ra7 Ke6 32. Rxb7 Bb2 33. b5 cxb5 34. cxb5
Ra1 35. b6 Kd6 36. Rc7 Rb1 37. Rc4 Bf6 38. Rxa4 Rxb6 39. Ra7 h5 40. Ra3 Ke6 41.
Re3+ Kf7 42. h3 Rb1 43. g4 h4 44. g5 Be7 45. Kg4 Bc5 46. Rc3 Bf2 47. Rc7+ Kg8
48. Kf3 Be1 49. Nd4 Rd1 50. Ne6 Rd6 51. Rg7+ Kh8 52. Rxg6 Rd3+ 1-0

[Event "Mondiale Lampo FIDE 2019"]
[Site "Mosca"]
[Date "30.12.2019"]
[Round "17.50"]
[White "Melkumyan, Hrant"]
[Black "Iljiushenok, Ilia"]
[Result "0-1"]
[WhiteTitle "GM"]
[BlackTitle "GM"]
[WhiteElo "2668"]
[BlackElo "2521"]
[WhiteFideId "13302485"]
[BlackFideId "24105074"]
[EventDate "2019.12.29"]

1. d4 Nf6 2. c4 g6 3. Nc3 Bg7 4. e4 d6 5. Nf3 O-O 6. Be2 e5 7. O-O Nc6 8. d5 Ne7
9. b4 Nh5 10. Re1 a5 11. Ba3 Nf4 12. Bf1 Bg4 13. h3 Bxf3 14. Qxf3 axb4 15. Bxb4
c5 16. dxc6 Nxc6 17. a3 Nd4 18. Qd1 Nfe6 19. Nd5 f5 20. exf5 gxf5 21. Ra2 Kh8
22. Qh5 Rc8 23. Kh1 Rc6 24. Rd2 Qd7 25. Rdd1 Nc2 26. Re2 Ned4 27. Red2 Nxb4 28.
axb4 Qe6 29. Qh4 Rcc8 30. Re1 Qf7 31. Bd3 b5 32. Nc3 bxc4 33. Bf1 e4 34. Red1
Nb3 35. Rxd6 Bxc3 36. Rd7 Qg6 37. b5 Bf6 38. Qf4 Nc5 39. Bxc4 Nxd7 40. Be6 Be5
41. Qe3 Qxe6 42. Qg5 Rg8 43. Qe3 Nf6 44. Qa3 f4 45. Qb4 f3 46. g4 Nxg4 0-1

[Event "Mondiale Lampo FIDE 2019"]
[Site "Mosca"]
[Date "30.12.2019"]
[Round "17.51"]
[White "Laznicka, Viktor"]
[Black "Vallejo Pons, Francisco"]
[Result "0-1"]
[WhiteTitle "GM"]
[BlackTitle "GM"]
[WhiteElo "2648"]
[BlackElo "2704"]
[WhiteFideId "316385"]
[BlackFideId "2205530"]
[EventDate "2019.12.29"]

1. d4 e6 2. Nf3 d5 3. c4 a6 4. e3 Nf6 5. Nc3 dxc4 6. Bxc4 c5 7. O-O b5 8. Be2
Bb7 9. dxc5 Bxc5 10. Qxd8+ Kxd8 11. Nd2 Ke7 12. Nb3 Nbd7 13. Nxc5 Nxc5 14. f3
Rhd8 15. e4 Nd3 16. Rd1 Nxc1 17. Raxc1 Nd7 18. Kf2 g5 19. Ke3 Ne5 20. b3 Rac8
21. Rxd8 Rxd8 22. a4 b4 23. Nb1 f5 24. g3 Rd7 25. Rc2 Ng6 26. exf5 exf5 27. f4
Be4 28. Rc1 gxf4+ 29. gxf4 Nh4 30. Bxa6 Ng2+ 31. Kf2 Nxf4 32. Ke3 Nd3 33. Rg1
Rd6 34. Bc4 Ne5 35. Be2 Ba8 36. Rg7+ Kf6 37. Rxh7 Ng6 38. Ra7 f4+ 39. Kf2 Be4
40. Rb7 Bxb7 0-1

[Event "Mondiale Lampo FIDE 2019"]
[Site "Mosca"]
[Date "30.12.2019"]
[Round "17.52"]
[White "Chigaev, Maksim"]
[Black "Turov, Maxim"]
[Result "1-0"]
[WhiteTitle "GM"]
[BlackTitle "GM"]
[WhiteElo "2631"]
[BlackElo "2574"]
[WhiteFideId "4108116"]
[BlackFideId "4120086"]
[EventDate "2019.12.29"]

1. e4 c6 2. d4 d5 3. e5 Bf5 4. h4 Qc7 5. g4 Bd7 6. Nc3 e6 7. f4 c5 8. Nf3 Nc6 9.
Be3 cxd4 10. Nxd4 a6 11. h5 Nxd4 12. Qxd4 Ne7 13. O-O-O Nc6 14. Qb6 O-O-O 15.
Qxc7+ Kxc7 16. Ne2 f6 17. exf6 gxf6 18. g5 fxg5 19. fxg5 Bd6 20. Bh3 Rdf8 21.
Nd4 Nxd4 22. Bxd4 e5 23. Bb6+ Kxb6 24. Bxd7 Be7 25. Rhg1 Rhg8 26. g6 hxg6 27.
Be6 Rg7 28. Rxg6 Rxg6 29. hxg6 Bf6 30. Rxd5 Rh8 31. Bf5 Kc6 32. Be4 Kc7 33. Rd3
Rh4 34. Rc3+ Kb8 35. Bd5 Bg5+ 36. Kd1 Rd4+ 37. Rd3 Rxd3+ 38. cxd3 Bf6 39. Ke2 e4
40. Bxe4 Bxb2 41. Ke3 Bg7 42. Kf4 Kc7 43. Kf5 Kd6 44. Bxb7 a5 45. Ke4 Kc5 46. a4
Bh8 47. Bc8 Bg7 48. Bd7 Bh8 49. Be8 Bg7 50. Bb5 Bh8 51. Kf5 Kd6 52. Kf4 Bg7 53.
Bc4 Bh8 54. Ke4 Kc5 55. Bb5 Bg7 56. Be8 Bh8 57. Bf7 Bg7 58. Kf5 Kd6 59. Bc4 Bh8
60. Kg5 Bg7 61. Kh5 Ke5 62. Kg5 Kd6 63. Bb5 Ke5 64. Bd7 Kd6 65. Bc8 Kc5 66. Bb7
Kd6 67. Ba8 Ke5 68. Kg4 Kd6 69. Kf4 Bh6+ 70. Ke4 Ke6 71. Bd5+ Kd6 72. d4 Bg7 73.
Bc4 Bh8 74. Bb5 Bg7 75. Be8 Bh8 76. Bf7 Bg7 77. Kd3 Bh8 78. Kc4 Bg7 79. d5 Bh8
80. Kb5 Bc3 81. Be6 Kc7 82. Kc5 Bb4+ 83. Kc4 Bf8 84. Kb5 1-0